00772nam a2200205 a 450000100100000000500170001000800410002702000150006804000250008308200150010810000310012324501500015426000400030430000210034450400280036570000280039304900090042195201190043099900170054900002531520200930023713.0110214s1997 ec a r 000 0 spa d a9978043144 aDO-SdBNPbspacBNPHU aNNNbM948v1 aMuergueytio, José95185410aLa verdadera historia del tiempo :b(de la explosión del neolítico a los nudos y los agujeros negros) /cJosé Muergueytio, Marcos Guerrero. aQuito, Ecuador :bAbya-Yala,c1997. a262 p. ;c22 cm. aIncluye bibliografía.1 aGuerrero, Marcos951855 aBNGR 001054708MOaGRbGRcCTd2011-02-14iLF1l0oNNN M948vp25315-10r2020-06-25w2020-06-25y4ZPréstamo en sala c24808d24808